| 000 | 00660nam a22002297a 4500 | ||
|---|---|---|---|
| 005 | 20170124110224.0 | ||
| 010 | _aB-031102 | ||
| 020 |
_c00.00 _a8174451374 |
||
| 035 | _aB-031102 | ||
| 037 | _bCen Lib/Ret | ||
| 040 |
_aDPL _bEN |
||
| 082 |
_a378 _bMIS |
||
| 100 |
_aMisra, Bhawna _94158 |
||
| 245 |
_aHandbook of higher education / _cby Bhawna Misra |
||
| 260 |
_a New Delhi _bMohit publications _c2000 |
||
| 270 |
_a4675/21 Ansari road Darya Ganj _b New Delhi _e110002 |
||
| 300 |
_a201p. _c22cm(Hb) |
||
| 500 | _aIncludes index | ||
| 650 |
_aEducation _91169 |
||
| 650 |
_aGeneral education _94159 |
||
| 942 |
_2ddc _cEN _h378 _mMIS |
||
| 999 |
_c134331 _d134331 |
||